000 00618nam a2200241Ia 4500
003 OSt
005 20221006144754.0
006 a|||||r|||| 00| 0
007 ta
008 221006b |||||||| |||| 00| 0 eng d
020 _c
_.5.95
024 _a12,669
037 _cTextual
040 _aEASL
_cEASL
_beng
041 _2eng
_aeng
082 _aV41:19.N67, K9
100 _aNORTH Robert C
245 0 _aForeign relations of China
260 _aBelmont
_bDIckenson Pub.
_c1969
300 _a156p.
_ccm.
942 _hV41:19.N67, K9
_cTEXL
_2CC
999 _c1080755
_d1080755